000 01275nam a22002297a 4500
999 _c17659
_d17659
005 20251125232859.0
008 s2540 th tha d
040 _aNALT
041 _atha
100 0 _aทนงศักดิ์ สุระคำแหง
245 1 0 _aรวมกฎหมายเกี่ยวกับเข็มขัดนิรภัย หมวกนิรภัย วัสดุกรองแสง
260 3 _aกรุงเทพฯ :
_bหอสมุดรัฐสภา สำนักงานเลขาธิการสภาผู้แทนราษฎร,
_c2540
300 _a1 เล่ม ;
_b 30 ซม.
650 0 4 _aวัสดุกรองแสง -- กฎหมายและระเบียบข้อบังคับ
650 0 4 _aหมวกนิรภัย -- กฎหมายและระเบียบข้อบังคับ
650 0 4 _aเข็ดขัดนิรภัย -- กฎหมายและระเบียบข้อบังคับ
850 _aNALT
856 4 0 _uhttps://hdl.handle.net/20.500.14156/460582
942 _cLB
_2lcc
998 _j25
_k นีลวัสน์ อินทรักษา
090 _aKN65 ส226ร 2540